El programa / (Record no. 24464)

MARC details
000 -LEADER
campo de control de longitud fija 00444nam a2200157 i 4500
001 - NÚMERO DE CONTROL
campo de control 24464
003 - IDENTIFICADOR DE NÚMERO DE CONTROL
campo de control ES-MaACL
005 - FECHA Y HORA DE LA ÚLTIMA TRANSACCIÓN
campo de control 20230906153043.0
007 - CAMPO FIJO DE DESCRIPCIÓN FÍSICA--INFORMACIÓN GENERAL
campo de control de longitud fija t|
008 - DATOS DE LONGITUD FIJA--INFORMACIÓN GENERAL
campo de control de longitud fija 021217s1967 sp ||||1| spa d
100 1# - ENTRADA PRINCIPAL--NOMBRE DE PERSONA
Nombre de persona Apalategui Aguirre, Ascensión.
9 (RLIN) 22033
245 13 - MENCIÓN DEL TÍTULO
Título El programa /
Mención de responsabilidad, etc. por Ascensión Apalategui.
260 ## - PUBLICACIÓN, DISTRIBUCIÓN, ETC.
Lugar de publicación, distribución, etc. [Zarauz :
Nombre del editor, distribuidor, etc. s.n.,
Fecha de publicación, distribución, etc. 1967] (
Fabricante Imp. Icharopena)
300 ## - DESCRIPCIÓN FÍSICA
Extensión 75 p. ;
Dimensiones 18 cm.
852 ## - LOCALIZACIÓN
Ubicación ES-MaACL
Número de control de estantería C-33658
Sublocalización o colección R.64349
Holdings
Estatus retirado Estado de pérdida Estado de daño No para préstamo Biblioteca de origen Biblioteca actual Ubicación en estantería Fecha de adquisición Fuente de adquisición Total de préstamos Signatura topográfica completa Código de barras Visto por última vez Precio de reemplazo Tipo de ítem Koha
        Biblioteca del Ateneo de Madrid Biblioteca del Ateneo de Madrid Depósito 2 17/01/2008     C-33658 1025224 23/02/2023 23/02/2023 Libro impreso